00570pam a2200181 45000010005000000030003000050050017000080080041000250200023000660200026000891000022001152450083001372600027002203000037002475040051002846500025003357000028003601231Uk20181127162936.0090327s2009 enkac b 001 0 eng|d a1848310560 (pbk.)  a9781848310568 (pbk.) 1 aMagnello, Eileen.10aIntroducing statistics :bA graphic guide /cEileen Magnello & Borin van Loon. aLondon :bIcon,c2009. a174 p. :bill., ports. ;c17 cm. aIncludes bibliographical references and index. 0aStatisticsxHistory.1 aVan Loon, Borin,d1951-